| 000 | 00668cam a22002534a 4500 | ||
|---|---|---|---|
| 003 | UPN | ||
| 005 | 20240803063756.0 | ||
| 008 | 090216s2006 es r 000 f spa d | ||
| 020 | _a8467508728 | ||
| 035 | _aUPN01000169342 | ||
| 040 |
_aUPN _bspa _cUPN |
||
| 049 | _aCG | ||
| 050 | 4 |
_aPQ6658 E76 _bC58 |
|
| 100 | 1 |
_aHernández Chambers, Daniel, _d1972- _934437 |
|
| 245 | 1 | 3 | _aLa ciudad gris. |
| 260 |
_aMadrid : _bSM, _c[2006]. |
||
| 300 | _a171 páginas | ||
| 490 | 0 |
_aGran angular ; _v259 |
|
| 650 | 4 |
_aNovela española _910814 |
|
| 650 | 4 |
_aGuerra en la literatura _910812 |
|
| 905 | _aLibro | ||
| 942 |
_2lcc _cLIBRO |
||
| 999 |
_c141448 _d141448 |
||